Clic Les tripoints entre pays (1) - Statistiques

Statistiques générales
  • Ce quiz a été pris 70 fois
  • Le résultat moyen est 21 sur 51
Statistiques - réponses
Hint Réponse % Correct
Corée du Nord / Russie Chine
70%
Autriche / Suisse Italie
68%
Érythrée / Soudan Éthiopie
62%
Égypte / Soudan Libye
60%
Albanie / Serbie Monténégro
60%
Allemagne / Belgique Luxembourg
57%
Arabie saoudite / Émirats arabes unis Oman
57%
Irak / Jordanie Syrie
57%
Afghanistan / Ouzbékistan Turkménistan
57%
Finlande / Russie Norvège
55%
Albanie / Grèce Macédoine
53%
Belize / Guatemala Mexique
53%
Brésil / France Suriname
53%
Arabie saoudite / Oman Yémen
53%
Argentine / Brésil Uruguay
51%
Arménie / Turquie Azerbaïdjan
49%
Lettonie / Russie Biélorussie
49%
Bhoutan / Chine Inde
49%
Argentine / Bolivie Paraguay
47%
Allemagne / Autriche Suisse
47%
Birmanie / Laos Thaïlande
47%
Biélorussie / Russie Ukraine
47%
Bénin / Niger Nigeria
45%
Bolivie / Brésil Pérou
45%
Afrique du Sud / Mozambique Zimbabwe
45%
Angola / RD Congo Congo
43%
Guinée / Guinée Bissau Sénégal
43%
Cambodge / Laos Vietnam
43%
Bosnie-Herzégovine / Serbie Croatie
40%
Afghanistan / Chine Pakistan
40%
Croatie / Hongrie Slovénie
40%
Côte d'Ivoire / Guinée Liberia
38%
Burundi / RD Congo Rwanda
38%
Chine / Kazakhstan Kirghizistan
34%
Burkina Faso / Côte d'Ivoire Mali
34%
Chine / Kazakhstan Russie
34%
Centrafrique / Soudan Tchad
34%
Botswana / Zimbabwe Afrique du Sud
32%
Algérie / Libye Niger
30%
Afghanistan / Chine Tadjikistan
30%
Biélorussie / Lituanie Pologne
28%
Bulgarie / Roumanie Serbie
28%
Autriche / Hongrie Slovaquie
28%
Angola / Namibie Zambie
28%
Malawi / Tanzanie Mozambique
26%
Kenya / Tanzanie Ouganda
26%
Arménie / Azerbaïdjan Iran
23%
Cameroun / Tchad Centrafrique
19%
Arménie / Géorgie Turquie
17%
Centrafrique / RD Congo Soudan
9%
Burundi / RD Congo Tanzanie
9%
Aucun quiz correspondant
Distribution des résultats
% des personnes avec chaque résultat
Percentile par nombre de réponses
Votre historique - résultats
Vous n’avez pas pris ce quiz